<?xml version="1.0" encoding="UTF-8"?>
<record
    xmlns:xsi="http://www.w3.org/2001/XMLSchema-instance"
    xsi:schemaLocation="http://www.loc.gov/MARC21/slim http://www.loc.gov/standards/marcxml/schema/MARC21slim.xsd"
    xmlns="http://www.loc.gov/MARC21/slim">

  <leader>00779cam a2200205 a 4500</leader>
  <controlfield tag="003">OSt</controlfield>
  <controlfield tag="005">20150408114121.0</controlfield>
  <controlfield tag="008">981005s1985    ua     g b    000 0 ara c</controlfield>
  <datafield tag="020" ind1=" " ind2=" ">
    <subfield code="a">977505170</subfield>
  </datafield>
  <datafield tag="040" ind1=" " ind2=" ">
    <subfield code="a">Ma-Un</subfield>
  </datafield>
  <datafield tag="082" ind1="0" ind2="4">
    <subfield code="a">011.02</subfield>
    <subfield code="b">&#x637; &#x645; &#x645;</subfield>
    <subfield code="2">21</subfield>
  </datafield>
  <datafield tag="100" ind1="1" ind2=" ">
    <subfield code="a">&#x627;&#x644;&#x637;&#x646;&#x627;&#x62D;&#x64A;&#x60C; &#x645;&#x62D;&#x645;&#x648;&#x62F; &#x645;&#x62D;&#x645;&#x62F;&#x60C;</subfield>
    <subfield code="d">1935-1999.</subfield>
    <subfield code="9">21928</subfield>
  </datafield>
  <datafield tag="245" ind1="1" ind2="2">
    <subfield code="a">&#x627;&#x644;&#x645;&#x648;&#x62C;&#x632; &#x641;&#x64A; &#x645;&#x631;&#x627;&#x62C;&#x639; &#x627;&#x644;&#x62A;&#x631;&#x627;&#x62C;&#x645; &#x648;&#x627;&#x644;&#x628;&#x644;&#x62F;&#x627;&#x646; &#x648;&#x627;&#x644;&#x645;&#x635;&#x646;&#x641;&#x627;&#x62A; &#x648;&#x62A;&#x639;&#x631;&#x64A;&#x641;&#x627;&#x62A; &#x627;&#x644;&#x639;&#x644;&#x648;&#x645; /</subfield>
    <subfield code="c">&#x645;&#x62D;&#x645;&#x648;&#x62F; &#x645;&#x62D;&#x645;&#x62F; &#x627;&#x644;&#x637;&#x646;&#x627;&#x62D;&#x64A;.</subfield>
  </datafield>
  <datafield tag="250" ind1=" " ind2=" ">
    <subfield code="a">&#x637;. 1.</subfield>
  </datafield>
  <datafield tag="260" ind1=" " ind2=" ">
    <subfield code="a">&#x627;&#x644;&#x642;&#x627;&#x647;&#x631;&#x629; :</subfield>
    <subfield code="b">&#x645;&#x643;&#x62A;&#x628;&#x629; &#x627;&#x644;&#x62E;&#x627;&#x646;&#x62C;&#x64A;&#x60C;</subfield>
    <subfield code="c">1985</subfield>
    <subfield code="m">1406.</subfield>
  </datafield>
  <datafield tag="300" ind1=" " ind2=" ">
    <subfield code="a">118 &#x635;. &#x61B;</subfield>
    <subfield code="c">24 &#x633;&#x645;.</subfield>
  </datafield>
  <datafield tag="504" ind1=" " ind2=" ">
    <subfield code="a">&#x628;&#x628;&#x644;&#x64A;&#x648;&#x62C;&#x631;&#x627;&#x641;&#x64A;&#x629; : &#x635;. 112-118.</subfield>
  </datafield>
  <datafield tag="650" ind1=" " ind2="7">
    <subfield code="a">&#x627;&#x644;&#x645;&#x631;&#x627;&#x62C;&#x639; &#x627;&#x644;&#x639;&#x631;&#x628;&#x64A;&#x629;</subfield>
    <subfield code="v">&#x628;&#x628;&#x644;&#x64A;&#x648;&#x62C;&#x631;&#x627;&#x641;&#x64A;&#x627;&#x62A;</subfield>
    <subfield code="2">aucsh</subfield>
    <subfield code="9">21926</subfield>
  </datafield>
  <datafield tag="942" ind1=" " ind2=" ">
    <subfield code="2">ddc</subfield>
    <subfield code="c">BOOK</subfield>
  </datafield>
  <datafield tag="999" ind1=" " ind2=" ">
    <subfield code="c">28363</subfield>
    <subfield code="d">262863</subfield>
  </datafield>
  <datafield tag="952" ind1=" " ind2=" ">
    <subfield code="1">0</subfield>
    <subfield code="2">2013-03-20</subfield>
    <subfield code="4">0</subfield>
    <subfield code="7">1</subfield>
    <subfield code="a">011.02 &#x637; &#x645; &#x645;</subfield>
    <subfield code="c">1</subfield>
    <subfield code="d">2013-03-20</subfield>
    <subfield code="h">SRM</subfield>
    <subfield code="i">00202562</subfield>
    <subfield code="m">SRM</subfield>
    <subfield code="r">2013-03-20 00:00:00</subfield>
    <subfield code="t">BOOK</subfield>
    <subfield code="w">ddc</subfield>
    <subfield code="y">0</subfield>
  </datafield>
  <datafield tag="952" ind1=" " ind2=" ">
    <subfield code="1">0</subfield>
    <subfield code="2">2013-03-20</subfield>
    <subfield code="4">0</subfield>
    <subfield code="7">0</subfield>
    <subfield code="a">011.02 &#x637; &#x645; &#x645;</subfield>
    <subfield code="c">2</subfield>
    <subfield code="d">2013-03-20</subfield>
    <subfield code="h">SRM</subfield>
    <subfield code="i">00202561</subfield>
    <subfield code="m">SRM</subfield>
    <subfield code="r">2013-03-20 00:00:00</subfield>
    <subfield code="t">BOOK</subfield>
    <subfield code="w">ddc</subfield>
    <subfield code="y">0</subfield>
  </datafield>
  <datafield tag="952" ind1=" " ind2=" ">
    <subfield code="1">0</subfield>
    <subfield code="2">2013-03-20</subfield>
    <subfield code="4">0</subfield>
    <subfield code="7">1</subfield>
    <subfield code="a">011.02 &#x637; &#x645; &#x645;</subfield>
    <subfield code="c">1</subfield>
    <subfield code="d">2013-03-20</subfield>
    <subfield code="h">SRF</subfield>
    <subfield code="i">00202063</subfield>
    <subfield code="m">SRF</subfield>
    <subfield code="r">2013-03-20 00:00:00</subfield>
    <subfield code="t">BOOK</subfield>
    <subfield code="w">ddc</subfield>
    <subfield code="y">0</subfield>
  </datafield>
  <datafield tag="952" ind1=" " ind2=" ">
    <subfield code="1">0</subfield>
    <subfield code="2">2013-03-20</subfield>
    <subfield code="4">0</subfield>
    <subfield code="7">0</subfield>
    <subfield code="a">011.02 &#x637; &#x645; &#x645;</subfield>
    <subfield code="c">2</subfield>
    <subfield code="d">2013-03-20</subfield>
    <subfield code="h">SRF</subfield>
    <subfield code="i">00202062</subfield>
    <subfield code="m">SRF</subfield>
    <subfield code="r">2013-03-20 00:00:00</subfield>
    <subfield code="t">BOOK</subfield>
    <subfield code="w">ddc</subfield>
    <subfield code="y">0</subfield>
  </datafield>
  <datafield tag="952" ind1=" " ind2=" ">
    <subfield code="1">0</subfield>
    <subfield code="2">2013-03-20</subfield>
    <subfield code="4">0</subfield>
    <subfield code="7">1</subfield>
    <subfield code="a">011.02 &#x637; &#x645; &#x645;</subfield>
    <subfield code="c">1</subfield>
    <subfield code="d">2013-03-20</subfield>
    <subfield code="h">SZM</subfield>
    <subfield code="i">00200429</subfield>
    <subfield code="m">SZM</subfield>
    <subfield code="r">2013-03-20 00:00:00</subfield>
    <subfield code="t">BOOK</subfield>
    <subfield code="w">ddc</subfield>
    <subfield code="y">0</subfield>
  </datafield>
  <datafield tag="952" ind1=" " ind2=" ">
    <subfield code="1">0</subfield>
    <subfield code="2">2013-03-20</subfield>
    <subfield code="4">0</subfield>
    <subfield code="7">0</subfield>
    <subfield code="a">011.02 &#x637; &#x645; &#x645;</subfield>
    <subfield code="c">2</subfield>
    <subfield code="d">2013-03-20</subfield>
    <subfield code="h">SZM</subfield>
    <subfield code="i">00200428</subfield>
    <subfield code="m">SZM</subfield>
    <subfield code="r">2013-03-20 00:00:00</subfield>
    <subfield code="t">BOOK</subfield>
    <subfield code="w">ddc</subfield>
    <subfield code="y">0</subfield>
  </datafield>
  <datafield tag="952" ind1=" " ind2=" ">
    <subfield code="1">0</subfield>
    <subfield code="2">2013-03-27</subfield>
    <subfield code="4">0</subfield>
    <subfield code="7">1</subfield>
    <subfield code="a">011.02 &#x637; &#x645; &#x645;</subfield>
    <subfield code="c">1</subfield>
    <subfield code="d">2013-03-27</subfield>
    <subfield code="h">CL</subfield>
    <subfield code="i">00204479</subfield>
    <subfield code="m">CL</subfield>
    <subfield code="r">2013-03-27 00:00:00</subfield>
    <subfield code="t">BOOK</subfield>
    <subfield code="w">ddc</subfield>
    <subfield code="y">0</subfield>
  </datafield>
  <datafield tag="952" ind1=" " ind2=" ">
    <subfield code="1">0</subfield>
    <subfield code="2">2013-03-27</subfield>
    <subfield code="4">0</subfield>
    <subfield code="7">0</subfield>
    <subfield code="a">011.02 &#x637; &#x645; &#x645;</subfield>
    <subfield code="c">2</subfield>
    <subfield code="d">2013-03-27</subfield>
    <subfield code="h">CL</subfield>
    <subfield code="i">00204478</subfield>
    <subfield code="m">CL</subfield>
    <subfield code="r">2013-03-27 00:00:00</subfield>
    <subfield code="t">BOOK</subfield>
    <subfield code="w">ddc</subfield>
    <subfield code="y">0</subfield>
  </datafield>
  <datafield tag="952" ind1=" " ind2=" ">
    <subfield code="1">0</subfield>
    <subfield code="2">2013-03-27</subfield>
    <subfield code="4">0</subfield>
    <subfield code="7">0</subfield>
    <subfield code="a">011.02 &#x637; &#x645; &#x645;</subfield>
    <subfield code="c">3</subfield>
    <subfield code="d">2013-03-27</subfield>
    <subfield code="h">CL</subfield>
    <subfield code="i">00204477</subfield>
    <subfield code="m">CL</subfield>
    <subfield code="r">2013-03-27 00:00:00</subfield>
    <subfield code="t">BOOK</subfield>
    <subfield code="w">ddc</subfield>
    <subfield code="y">0</subfield>
  </datafield>
</record>
